Los valores de la educación /
Guardado en:
| Autor Principal: | |
|---|---|
| Formato: | Libro |
| Publicado: |
Madrid :
Aique,
1994
|
| Series: | Hacer reforma
|
| Materias: | |
| Etiquetas: |
Agregar Etiqueta
Sin Etiquetas, Sea el primero en etiquetar este registro!
|
| LEADER | 00928nam a22002535a 4500 | ||
|---|---|---|---|
| 001 | CEM.cems009919 | ||
| 005 | 20080702101034.0 | ||
| 008 | 130507s1994##################000#0#####d | ||
| 003 | CEMS | ||
| 020 | |a 8420761486 | ||
| 082 | 0 | 4 | |a 375.1 |
| 100 | 1 | |a Camps, Victoria | |
| 245 | 1 | 0 | |a Los valores de la educación / |c Victoria Camps |
| 260 | |a Madrid : |b Aique, |c 1994 | ||
| 300 | |a 133 p. | ||
| 490 | 0 | |a Hacer reforma | |
| 500 | |a Red Federal de Formación Docente continua | ||
| 505 | 0 | |a Unos valores para empezar a hablar -- El proyecto de vivir -- Iguales pero diferentes -- La libertad y sus límites -- Compartir responsabilidades -- Tolerar las diferencias -- De la justicia a la solidaridad -- El deber de vivir en paz | |
| 653 | |a Educación | ||
| 653 | |a Valores | ||
| 653 | |a Axiología educativa | ||
| 653 | |a Educación moral | ||
| 653 | |a Etica-educación | ||
| 859 | |a CEMS |b BIB. CEMS - 11 de abril |h 375.1 |i C15 |p 20191.99 |t Ej.1 | ||
